Statistiques concernant Titre de l'album - Bigflo et Oli - Les autres c'est nous

Cliquez ici pour prendre le quiz!

Statistiques générales

  • Ce quiz a été pris 586 fois
    (169 depuis la dernière actualisation)
  • Le résultat moyen est 16 sur 22

Statistiques - réponses

TrackIndiceTitre% Correct
14Le son le moins écouté de l'albumLe son préféré de mes potes
85%
15Vive la France !!Sacré bordel
85%
4Clichés de rapBooba
82%
22 ans de pause mais rien ratéJ'étais pas là
82%
1Morceau de rap sans refrain de 7 minutesLa vie d'après
77%
12L'histoire du mondeça va beaucoup trop vite
76%
9NostalgieCoup de vieux
76%
13Les grands-pèresJosé et Amar
76%
10Vive les rimes en "i" et en "o"Lili
75%
18FiltresCopier / coller
74%
8Si t'as tout bon t'en es unFan
74%
19😢😢Les gens tristes
73%
16La chance tourneTrèfle
73%
17ArgentineLa familia
70%
3Montrer ses défautsBons élèves
69%
21Plein de thèmesSans transition
69%
7Marvel ou DC ?Super héros
69%
20Fin du monde ?Dernière
68%
6Refrain en anglaisTrust Myself
68%
5Parents divorcésTant pis ou tant mieux
67%
11Bigflo et Oli parle d'amourUne belle chanson
63%
22Titre caché ref à NougaroIci c'est Toulouse
43%

Distribution des résultats

Percentile par nombre de réponses

% des personnes avec chaque résultat

Votre développement - résultats

Vous n’avez pas pris ce quiz depuis la dernière actualisation